000 00558nam a2200181Ia 4500
999 _c7625
_d7625
003 OSt
005 20200129141639.0
008 190216s9999||||xx |||||||||||||| ||und||
020 _a9780070620049
040 _coclc
082 _a174.2
_bHAR/P
100 _aHartman, Laura P
_91584
245 0 _aRespectives In Business Ethics /
_cLaura P Hartman ; Abha Chatterjee
250 _a3rd ed.
260 _bTata Mcgraw-Hill Education Private Limited,
_c2007.
_aNew Delhi:
300 _a483p
942 _cBK
_2ddc
_h174.2
_iHAR/P
_k174.2
_mHAR/P